[Event "Euro Pairs Blitz Q Open"]
[Site "Krakow POL"]
[Date "2023.06.19"]
[Round "3.3"]
[White "Santos Latasa, J."]
[Black "Rodshtein, M."]
[Result "1-0"]
[WhiteElo "2653"]
[BlackElo "2604"]
[PlyCount "130"]
[EventDate "2023.06.19"]
[EventType "blitz"]
[WhiteTeam "Spain"]
[BlackTeam "Israel"]
[WhiteTeamCountry "ESP"]
[BlackTeamCountry "ISR"]

1. Nf3 d5 2. e3 Nf6 3. c4 e6 4. b3 b6 5. Bb2 Bb7 6. cxd5 exd5 7. g3 Bd6 8. Bg2 O-O 9. O-O Re8 10. Nc3 a6 11. d3 Nbd7 12. Re1 c5 13. Rc1 Rc8 14. d4 b5 $146 ({RR} 14... c4 15. Nd2 b5 16. bxc4 bxc4 17. e4 dxe4 18. Ndxe4 Nxe4 19. Nxe4 Bb4 20. Re2 Bxe4 21. Bxe4 Nf6 22. Bf5 Rc7 23. Rxe8+ Qxe8 24. Rc2 Qb5 25. Qf3 Bf8 26. Bc3 Nd5 27. Be4 Nxc3 28. Rxc3 Bb4 29. Rc2 {Santos Latasa,J (2628)-Tang,A (2502) chess.com INT 2024 ½-½ (51)}) 15. dxc5 Nxc5 16. Nd4 Bf8 17. Nce2 g6 18. Nf4 Nce4 19. Re2 Qa5 20. Rec2 Rxc2 21. Rxc2 b4 22. Nc6 Qb5 23. Bxf6 Nxf6 24. Nxd5 Nxd5 25. Qxd5 Rc8 26. Qxb5 axb5 27. Nd4 Rxc2 28. Nxc2 Bc8 29. Nd4 Bc5 30. Nxb5 Bf5 31. Nd4 Bb1 32. Bd5 Bxa2 33. Kf1 Kg7 34. Bc4 Bb1 35. Ke2 Be4 36. f3 Bb7 37. Nc2 Kf6 38. Ne1 Ke7 39. Nd3 Bd6 40. e4 f6 41. Ke3 h5 42. f4 g5 43. fxg5 fxg5 44. e5 Bc7 45. Kd4 Bb6+ 46. Nc5 Bg2 47. Be2 h4 48. Kc4 Bc7 49. Nd3 Bb6 50. gxh4 gxh4 51. Nxb4 Bg1 52. Nd5+ Kd7 53. Bg4+ Kc6 54. Nb4+ Kb6 55. h3 Kc7 56. Nd5+ Kc6 57. Nf4 Be4 58. e6 Kd6 59. b4 Bb7 60. b5 Be3 61. Nd3 Bd5+ 62. Kc3 Bb6 63. Nb2 Ba5+ 64. Kd3 Ke7 65. Nc4 Bc7 1-0

[Event "Euro Pairs Blitz Open B"]
[Site "Krakow POL"]
[Date "2023.06.19"]
[Round "1.2"]
[White "Santos Latasa, J."]
[Black "Rodshtein, M."]
[Result "1-0"]
[WhiteElo "2653"]
[BlackElo "2604"]
[PlyCount "69"]
[EventDate "2023.06.19"]
[EventType "k.o."]
[WhiteTeam "Spain"]
[BlackTeam "Israel"]
[WhiteTeamCountry "ESP"]
[BlackTeamCountry "ISR"]

1. Nf3 c5 2. c4 Nc6 3. d4 cxd4 4. Nxd4 Qb6 5. Nb3 g6 6. e4 Bg7 7. Be3 Qd8 8. Qd2 a5 9. Nc3 a4 10. Nd4 Nf6 11. Be2 Qa5 $146 ({RR} 11... O-O 12. O-O d6 13. f4 Qa5 14. Rad1 Ng4 15. Bxg4 Bxg4 16. Rc1 Bd7 17. Qf2 Nxd4 18. Bxd4 Bc6 19. Bxg7 Kxg7 20. Qd4+ f6 21. Nd5 Qa7 22. Qxa7 Rxa7 23. Nxe7 Bxe4 24. Rfd1 b5 25. Nd5 Rc8 26. Nc3 {Zemlyanskii,I (2543)-Ponkratov,P (2562) Leninskiy RUS 2024 ½-½ (58)}) 12. f3 d6 13. Ndb5 O-O 14. Nd5 Qxd2+ 15. Kxd2 Be6 16. Rac1 Nd7 17. Rb1 Rfc8 18. Rhc1 Kf8 19. Ke1 f5 20. Ndc7 Bf7 21. exf5 gxf5 22. Nxa8 Rxa8 23. f4 Rc8 24. Nc3 Ra8 25. a3 Na5 26. Nd5 Nb3 27. Rd1 Rc8 28. Kf2 e6 29. Nb6 Nxb6 30. Bxb6 Rc6 31. Be3 Ke7 32. Rd3 Bf6 33. Rbd1 Na5 34. Rxd6 Rxd6 35. Bc5 1-0

[Event "ch-FRA Blitz 2023"]
[Site "Asnieres-sur-Seine FRA"]
[Date "2023.06.24"]
[Round "7.1"]
[White "Bacrot, E."]
[Black "Tregubov, P."]
[Result "1-0"]
[WhiteElo "2672"]
[BlackElo "2553"]
[PlyCount "127"]
[EventDate "2023.06.24"]
[EventType "blitz"]

1. Nf3 d5 2. g3 Nf6 3. Bg2 c5 4. O-O Nc6 5. d4 cxd4 6. Nxd4 e5 7. Nxc6 bxc6 8. c4 Be6 9. Bg5 Rc8 10. Qa4 ({RR} 10. Bxf6 gxf6 11. e3 Be7 12. cxd5 cxd5 13. Nc3 d4 14. exd4 exd4 15. Ne2 d3 16. Nf4 Bf5 17. Re1 O-O 18. Be4 d2 19. Bxf5 dxe1=Q+ 20. Qxe1 Rc5 21. Rd1 Re5 22. Qf1 Qa5 23. Bd3 Rd8 24. a3 Qb6 {Kramnik,V (2753)-Tregubov,P (2556) chess.com INT 2023 1-0}) 10... Qd7 11. Nc3 ({RR} 11. Bxf6 gxf6 12. e3 Rb8 13. cxd5 cxd5 14. Qxd7+ Kxd7 15. Nc3 d4 16. exd4 Rxb2 17. Rfd1 Bb4 18. Na4 Rxa2 19. d5 Bg4 20. Rxa2 Bxd1 21. Nb2 Be2 22. Rxa7+ Kd6 23. Rxf7 Ra8 24. Rxf6+ Ke7 25. d6+ Kxf6 {Ding,L (2799)-Caruana,F (2820) chess24.com INT 2021 ½-½ (62)}) 11... d4 12. Rad1 Ng4 $146 ({RR} 12... c5 13. Nb5 Be7 14. Bxf6 gxf6 15. b3 O-O 16. Qxa7 f5 17. Qxd7 Bxd7 18. a4 e4 19. f3 e3 20. f4 h5 21. h4 Kh7 22. Kh2 Bc6 23. Bxc6 Rxc6 24. Ra1 Bf6 25. Ra2 Rg8 26. Rh1 Bxh4 27. Rg1 {Palla,G (2123)-Novak,D (2076) Hungary 2005 0-1}) ({RR} 12... Be7 13. e3 O-O 14. exd4 exd4 15. Ne2 c5 16. Qxd7 Bxd7 17. Nf4 Rfe8 18. Rfe1 h6 19. Bxf6 Bxf6 20. Nd5 Be5 21. b3 Bg4 22. f3 Bf5 23. f4 Bd6 24. Kf2 Kf8 25. Bf3 Rxe1 26. Rxe1 Re8 27. Rxe8+ {Seiger,V (2086)-Thorsbro,P (2148) Norrkoping SWE 2024 ½-½ (55)}) 13. Bc1 Be7 14. e3 O-O 15. exd4 exd4 16. Ne4 c5 17. Qxd7 Bxd7 18. Bf4 Be6 19. b3 Rfd8 20. Rfe1 h6 21. h3 g5 22. Bd2 Nf6 23. Ba5 Rd7 24. Nd2 Bd8 25. Bxd8 Rcxd8 26. Nf3 Rd6 27. Ne5 Kg7 28. g4 h5 29. gxh5 Nxh5 30. Nd3 Nf4 31. Re5 f6 32. Rxc5 Nxh3+ 33. Kh2 Nf4 34. Rc7+ R8d7 35. Rxd7+ Rxd7 36. Nxf4 gxf4 37. c5 d3 38. Rd2 Bf5 39. Bh3 Kg6 40. Bg2 Kf7 41. b4 Ke6 42. b5 Rd4 43. b6 axb6 44. cxb6 Rb4 45. b7 Kd6 46. a4 Kc7 47. a5 Kb8 48. Ra2 Be4 49. Bxe4 Rxe4 50. a6 Ka7 51. Rb2 Re8 52. Kg2 d2 53. Rxd2 Kxa6 54. Rb2 Ka7 55. Kf3 Kb8 56. Kxf4 Re5 57. Rb6 Rc5 58. f3 Ra5 59. Kg4 Rc5 60. f4 f5+ 61. Kg5 Ra5 62. Rf6 Kxb7 63. Rxf5 Ra6 64. Rc5 1-0

[Event "ch-FRA Blitz 2023"]
[Site "Asnieres-sur-Seine FRA"]
[Date "2023.06.24"]
[Round "11.2"]
[White "Bacrot, E."]
[Black "Lagarde, Max"]
[Result "1-0"]
[WhiteElo "2672"]
[BlackElo "2597"]
[PlyCount "125"]
[EventDate "2023.06.24"]
[EventType "blitz"]

1. Nf3 Nf6 2. g3 g6 3. Bg2 Bg7 4. O-O O-O 5. c4 c6 6. b3 Ne4 7. d4 d5 8. Bb2 a5 9. Nc3 Bf5 10. Nh4 Nxc3 11. Bxc3 Be6 12. Qd3 ({RR} 12. f4 dxc4 13. f5 Bc8 14. Qd2 cxb3 15. axb3 b6 16. e4 e5 17. fxe6 Bxe6 18. d5 Bxc3 19. Qxc3 cxd5 20. exd5 Bc8 21. Nf3 Ba6 22. Rf2 Nd7 23. Nd4 Qe7 24. d6 Qxd6 25. Bxa8 Rxa8 26. Qc6 Qxc6 {Niemann,H (2687)-Duda,J (2740) Miami 2022 1-0 (38)}) ({RR} 12. c5 Nd7 13. Qd2 f5 14. Nf3 Nf6 15. Ng5 Bd7 16. f3 Bh6 17. h4 Nh5 18. Kf2 f4 19. g4 Ng3 20. Rfe1 e6 21. e3 fxe3+ 22. Qxe3 Ne4+ 23. Kg1 Nxg5 24. hxg5 Bxg5 25. Qd3 Bf4 26. Bd2 Bg3 {Ambartsumova,K (2418)-Lagarde,M (2631) chess.com INT 2024 0-1 (40)}) 12... Nd7 13. a4 $146 ({RR} 13. Rad1 f5 14. Nf3 f4 15. Ng5 Bf5 16. e4 dxe4 17. Bxe4 Qc8 18. gxf4 h6 19. Bxf5 Rxf5 20. Ne6 Bf6 21. Kh1 Kf7 22. Qe3 Nf8 23. Nc5 Ne6 24. Nd3 c5 25. Nxc5 Nxc5 26. dxc5 Bxc3 27. Qxc3 Qxc5 {Goltseva,E (2325)-Golubova,A (2115) Nizhny Novgorod RUS 2024 1-0 (53)}) ({RR} 13. Rad1 Nf6 14. f4 Qb6 15. Kh1 Qa6 16. c5 Qxd3 17. exd3 a4 18. b4 Ne8 19. Rde1 Bf6 20. Nf3 Nc7 21. Ba1 Bf5 22. Re3 Nb5 23. h3 h5 24. Kg1 Rfe8 25. Kf2 Kf8 26. Ke2 Ra6 27. Kd2 Raa8 {Zhang,Z (2167)-Yu,S (1973) Ji'an CHN 2025 ½-½ (92)}) 13... Qb6 14. Rab1 Qa6 15. cxd5 Qxd3 16. exd3 Bxd5 17. Bxd5 cxd5 18. Nf3 Rfc8 19. Bd2 e6 20. Rfc1 b6 21. Kf1 Bf8 22. Ne5 Nxe5 23. dxe5 Ba3 24. Rxc8+ Rxc8 25. Be3 Rc6 26. Ke2 Kf8 27. g4 Ke8 28. Kd2 Kd7 29. Bd4 Bb4+ 30. Kd1 Kc7 31. Rc1 Rxc1+ 32. Kxc1 Kc6 33. Be3 Bc5 34. d4 Be7 35. Kc2 Kd7 36. Bh6 Kc6 37. Kd3 Kd7 38. Bd2 Kc6 39. f4 Kd7 40. Ke2 Ke8 41. Kf3 Ba3 42. f5 gxf5 43. gxf5 exf5 44. Kf4 Bb2 45. Be3 Ke7 46. Kxf5 Bc3 47. h4 Bb2 48. h5 Bc3 49. Bf2 Bb2 50. Be3 Bc3 51. Kg5 Kf8 52. Kf6 Bb2 53. e6 fxe6 54. Kxe6 Ke8 55. Kxd5 Kd7 56. Bf4 Bc3 57. Be3 Bb2 58. Ke5 Ba3 59. Kf6 Kd6 60. Kg7 Kd5 61. Kxh7 Ke4 62. Bf2 Kd3 63. Kg6 1-0

[Event "Titled Tue 20th Jun Early"]
[Site "chess.com INT"]
[Date "2023.06.20"]
[Round "5"]
[White "Jones, G."]
[Black "Sadhwani, Raunak"]
[Result "1-0"]
[WhiteElo "2618"]
[BlackElo "2603"]
[PlyCount "81"]
[EventDate "2023.06.20"]

1. Nf3 d5 2. g3 Nc6 3. d4 Bf5 4. Bg2 Nb4 5. Na3 e6 6. O-O Be7 7. Ne5 Nf6 8. c3 Nc6 9. Qa4 O-O 10. Nxc6 bxc6 11. Qxc6 h5 ({RR} 11... Rb8 12. Qa4 h5 13. Nc2 h4 14. Nb4 h3 15. Bf3 Ne4 16. Bxe4 Bxe4 17. Nc6 Qd7 18. b3 Bd6 19. Nxb8 Qxa4 20. bxa4 Rxb8 21. f3 Bf5 22. Bf4 Rb2 23. Bxd6 cxd6 24. Rf2 Rb6 25. Rc1 g5 26. g4 {Grischuk,A (2745)-Duda,J (2731) chess.com INT 2022 1-0 (58)}) ({RR} 11... Rb8 12. Qa4 h5 13. Nc2 {½-½ (13) Davies,N (2294)-Wang Pin (2389) Prague CZE 2025}) 12. Bf4 $146 ({RR} 12. c4 Rb8 13. Qa6 Qd7 14. c5 c6 15. b3 h4 16. Bf4 Rb4 17. Rfd1 h3 18. Bf1 Nh5 19. Be3 g5 20. Rac1 Qc7 21. Nc2 Rb5 22. Bd2 Rb7 23. Nb4 Rc8 24. Nd3 f6 25. b4 Ng7 26. f3 Kf7 {Daneshvar,B (2584)-Khudyakov,S (2230) Khanty-Mansiysk RUS 2024 1-0 (40)}) ({RR} 12. c4 Rb8 13. cxd5 exd5 14. h4 Ne4 15. Nc2 Rb6 16. Qa4 Bd7 17. Qa5 Bb5 18. Ne3 Bxe2 19. Nxd5 Rb5 20. Qxc7 Rxd5 21. Qxd8 Rdxd8 22. Re1 Rxd4 23. Be3 Rb4 24. Rxe2 Bf6 25. Bxa7 Ra4 26. Be3 Rc8 {Jones,G (2623)-Abdusattorov,N (2713) chess.com INT 2022 1-0 (85)}) 12... h4 13. c4 h3 14. Bf3 Rb8 15. cxd5 Nxd5 16. e4 Nb4 17. Qc3 Bg6 18. Bxc7 Qd7 19. Bxb8 Rxb8 20. Rfc1 Bf6 21. Rd1 a5 22. Nc4 Rc8 23. b3 Qa7 24. a3 Nc6 25. e5 Be7 26. Nd6 Bxd6 27. exd6 Qd7 28. Rac1 Ne7 29. Qxa5 Rxc1 30. Rxc1 Qxd6 31. Qc5 Qd7 32. Qc7 Qe8 33. a4 Kh7 34. a5 Nd5 35. Qc6 Qb8 36. a6 Qxb3 37. Bxd5 exd5 38. Qc3 Qb6 39. Ra1 Qe6 40. Qe3 Qxa6 41. Rxa6 1-0

[Event "Titled Tue 20th Jun Early"]
[Site "chess.com INT"]
[Date "2023.06.20"]
[Round "5"]
[White "Gordievsky, D."]
[Black "Lobanov, Sergei"]
[Result "1-0"]
[WhiteElo "2517"]
[BlackElo "2547"]
[PlyCount "91"]
[EventDate "2023.06.20"]

1. Nf3 d5 2. g3 Nf6 3. Bg2 e6 4. O-O Be7 5. b3 c5 6. Bb2 O-O 7. d4 ({RR} 7. e3 Nc6 8. d4 b6 9. dxc5 bxc5 10. c4 Bb7 11. cxd5 exd5 12. Nc3 Rc8 13. Re1 Re8 14. Nh4 Ne5 15. Nb5 Bf8 16. Nxa7 Ra8 17. Nb5 Qb6 18. a4 c4 19. Bd4 Bc5 20. b4 Bxd4 21. Qxd4 Qxd4 {Nakamura,H (2802)-Topalov,V (2798) Stavanger 2015 1-0}) 7... cxd4 8. Nbd2 ({RR} 8. Nxd4 e5 9. Nf3 e4 10. Nd4 Nc6 11. Qd2 Bc5 12. h3 Re8 13. Nxc6 bxc6 14. e3 Qe7 15. Nc3 h5 16. Ne2 h4 17. c4 dxc4 18. Rfc1 Rd8 19. Qc2 Ba3 20. Bxa3 Qxa3 21. g4 Be6 22. Nd4 Qd6 {Musaev,E (2163)-Ughuzov,R (2250) Baku AZE 2025 1-0 (46)}) 8... b6 9. Nxd4 $146 ({RR} 9. Ne5 Bb7 10. Bxd4 Bc5 11. Ndf3 Nbd7 12. Nxd7 Nxd7 13. Bb2 Qe7 14. Ne5 Nxe5 15. Bxe5 f6 16. Bd4 Rfd8 17. Re1 Rac8 18. Bxc5 Qxc5 19. Rc1 e5 20. Bh3 Rb8 21. c3 g6 22. Qc2 Bc8 23. b4 Qc4 {Beltrami,F (1849)-Lavorgna,F (1739) Milan 2014 ½-½ (77)}) 9... Bb7 10. c4 Nc6 11. Rc1 Nxd4 12. Bxd4 Ba3 13. Rc2 Qe7 14. Qa1 Rac8 15. Bc3 Rfd8 16. e3 a6 17. Nb1 Bb4 18. Bxb4 Qxb4 19. Rfc1 Ba8 20. Qd4 h6 21. Qd2 Qe7 22. Qe1 dxc4 23. Bxa8 Rxa8 24. Rxc4 Rd7 25. Rc8+ Rxc8 26. Rxc8+ Kh7 27. Rc1 Ng4 28. Qe2 Ne5 29. f4 Ng6 30. Qxa6 Qb4 31. Qe2 e5 32. f5 Ne7 33. e4 Rd4 34. Nc3 Nc6 35. Rc2 Qe7 36. Nd5 Qd6 37. Nc3 Ne7 38. Qf3 Rd2 39. Rxd2 Qxd2 40. Ne2 Nc6 41. Qf2 Qd3 42. Qxb6 Qxe4 43. Qf2 Nb4 44. f6 g6 45. Nc3 Qd3 46. Qa7 1-0

[Event "Titled Tue 20th Jun Early"]
[Site "chess.com INT"]
[Date "2023.06.20"]
[Round "6"]
[White "Nakamura, Hi"]
[Black "Jones, G."]
[Result "1-0"]
[WhiteElo "2775"]
[BlackElo "2618"]
[PlyCount "55"]
[EventDate "2023.06.20"]

1. Nf3 Nf6 2. b3 g6 3. Bb2 Bg7 4. d4 O-O 5. e3 d6 6. Be2 c5 7. O-O b6 8. c4 e6 ({RR} 8... cxd4 9. Nxd4 Bb7 10. Bf3 Qc8 11. Nc3 Nc6 12. Nc2 Ne5 13. Bxb7 Qxb7 14. Nb4 Rfd8 15. Qe2 a6 16. Rad1 Rab8 17. Ncd5 Nxd5 18. cxd5 a5 19. Bxe5 axb4 20. Bxg7 Kxg7 21. Qc4 Ra8 22. Rd2 Ra5 23. Qxb4 {Nakamura,H (2766)-Harika,D (2517) Chess.com INT 2022 ½-½ (78)}) ({RR} 8... cxd4 9. Nxd4 Bb7 10. Bf3 Qc8 11. Nc3 Nbd7 12. Rc1 Ne5 13. Be2 Rd8 14. Nf3 Qg4 15. h3 Qf5 16. Nb5 Ne4 17. Nbd4 Qd7 18. Qc2 Nc5 19. Rfd1 a5 20. Nxe5 dxe5 21. Nf3 Qc7 22. Rxd8+ Rxd8 23. Rd1 {Suardi,R (2249)-Slugin,S (2336) chess.com INT 2025 0-1 (57)}) 9. Nc3 a6 10. Qc2 $146 ({RR} 10. dxc5 bxc5 11. Qc2 Bb7 12. Rfd1 Qc7 13. Nd2 Nc6 14. Bf3 Nb4 15. Qb1 Bxf3 16. Nxf3 Rfd8 17. Nd2 d5 18. a3 Nc6 19. cxd5 exd5 20. Na4 Ng4 21. Nf1 c4 22. Bxg7 Kxg7 23. bxc4 Qa5 24. Qc2 dxc4 {Vlahov,D (2228)-Ciganovic,N (2303) Zadar 2012 1-0 (61)}) 10... cxd4 11. Nxd4 Bb7 12. Bf3 Qc7 13. Bxb7 Qxb7 14. Rfd1 Nc6 15. Nf3 Rfd8 16. Rd2 d5 17. cxd5 Nb4 18. Qd1 exd5 19. Ne2 Ne4 20. Bxg7 Nxd2 21. Qxd2 Kxg7 22. Qxb4 Rac8 23. h4 Qc6 24. Rd1 Qc2 25. Qd4+ Kg8 26. Nf4 Qc3 27. Qxb6 Rc6 28. Qxd8+ 1-0

[Event "Titled Tue 20th Jun Early"]
[Site "chess.com INT"]
[Date "2023.06.20"]
[Round "6"]
[White "Sjugirov, S."]
[Black "Subelj, Jan"]
[Result "1-0"]
[WhiteElo "2699"]
[BlackElo "2513"]
[PlyCount "91"]
[EventDate "2023.06.20"]

1. Nf3 d5 2. g3 Nd7 3. d4 Nb6 4. a4 a5 5. b3 Bf5 6. Ba3 Nf6 7. Bg2 e6 8. Bxf8 Kxf8 9. O-O h6 10. c4 c6 11. Nc3 $146 ({RR} 11. Nbd2 Qe7 12. Re1 g5 13. Ne5 Rd8 14. e4 dxe4 15. Nxe4 Bxe4 16. Bxe4 Nbd7 17. Bg2 Nxe5 18. Rxe5 Qb4 19. Qe1 Rxd4 20. Rxa5 Qxe1+ 21. Rxe1 Ke7 22. Ra7 Rd7 23. b4 Rhd8 24. a5 Ne8 25. b5 Nd6 {Andreikin,D (2729)-Le Tuan Minh (2542) chess.com INT 2022 0-1 (43)}) 11... Ne4 12. Qc1 Nxc3 13. Qxc3 Be4 14. Ne5 Bxg2 15. Kxg2 Nd7 16. Nd3 g6 17. e3 Kg7 18. Rfb1 Nf6 19. b4 dxc4 20. Qxc4 axb4 21. Rxb4 Ra7 22. Rab1 Qa8 23. Kg1 Nd5 24. R4b3 Rxa4 25. Qc5 b6 26. Qd6 Rd8 27. Qe5+ Kg8 28. e4 Ne7 29. Rxb6 Raxd4 30. Rb8 Qa2 31. Nf4 Qd2 32. Rxd8+ Rxd8 33. Rb7 Qd1+ 34. Kg2 Re8 35. Nxe6 Nf5 36. exf5 Qd5+ 37. Qxd5 cxd5 38. Nf4 g5 39. Nxd5 Re5 40. Nf6+ Kg7 41. Nh5+ Kf8 42. g4 Re4 43. Rb8+ Ke7 44. Re8+ Kxe8 45. Nf6+ Ke7 46. Nxe4 1-0

[Event "Titled Tue 20th Jun Early"]
[Site "chess.com INT"]
[Date "2023.06.20"]
[Round "7"]
[White "Svane, R."]
[Black "Beerdsen, Thomas"]
[Result "1-0"]
[WhiteElo "2616"]
[BlackElo "2520"]
[PlyCount "81"]
[EventDate "2023.06.20"]

1. Nf3 Nf6 2. g3 b5 3. Bg2 Bb7 4. d3 c5 5. e4 e6 6. O-O d5 7. exd5 Nxd5 8. a4 a6 $146 ({RR} 8... b4 9. Nbd2 Be7 10. d4 O-O 11. dxc5 Na6 12. c6 Bxc6 13. Nd4 Bb7 14. N2b3 Rc8 15. Nb5 Qb6 16. Qe2 Nc5 17. Nd2 Nxa4 18. Rxa4 a6 19. c4 axb5 20. cxb5 Rc5 21. Ne4 Rxb5 22. Qxb5 Qxb5 23. Ra7 {Boyer,M (2489)-Manukyan,S (2253) chess.com INT 2023 0-1}) 9. axb5 axb5 10. Rxa8 Bxa8 11. c4 Nb4 12. cxb5 Qxd3 13. Bf4 Nd7 14. Nc3 Be7 15. Ne5 Nxe5 16. Bxa8 O-O 17. Be4 Qxd1 18. Rxd1 Bf6 19. b6 Rb8 20. b7 g5 21. Be3 Be7 22. Na4 f5 23. Bg2 Ned3 24. Nb6 f4 25. Bd2 fxg3 26. hxg3 Ne5 27. Bc3 Nbc6 28. Nd7 Rd8 29. Bxe5 Nxe5 30. b8=Q Rxb8 31. Nxb8 Nc4 32. b3 Nb2 33. Rd2 Bf6 34. Nd7 Bc3 35. Rc2 Bd4 36. Nxc5 e5 37. Na4 Nd3 38. Be4 Nb4 39. Rc4 Na2 40. b4 Kf7 41. b5 1-0

[Event "Titled Tue 20th Jun Early"]
[Site "chess.com INT"]
[Date "2023.06.20"]
[Round "7"]
[White "Oparin, G."]
[Black "Donchenko, Alexa"]
[Result "1-0"]
[WhiteElo "2687"]
[BlackElo "2667"]
[PlyCount "135"]
[EventDate "2023.06.20"]

1. Nf3 Nf6 2. g3 b5 3. e3 a6 4. Bg2 Bb7 5. O-O g6 6. b3 Bg7 7. Bb2 O-O 8. Qe2 ({RR} 8. d4 d6 9. Nbd2 Nbd7 10. Qe2 c5 11. c4 Ne4 12. Nxe4 Bxe4 13. cxb5 axb5 14. Qxb5 Ra7 15. Qe2 Qa8 16. Bc3 Nb6 17. dxc5 Bxc3 18. cxb6 Ra3 19. Rac1 Rxa2 20. Qd1 Bf6 21. Ne1 Ra6 22. Rc4 Bxg2 {Caruana,F (2827)-Carlsen,M (2840) Chess.com INT 2017 ½-½ (86)}) 8... c5 9. c4 Qb6 $146 ({RR} 9... d6 10. Na3 b4 11. Nc2 Nbd7 12. d3 a5 13. a4 e5 14. e4 Ne8 15. Ne3 Nc7 16. Nd5 Nxd5 17. cxd5 f5 18. Bh3 Nb6 19. Nd2 Bh6 20. Nc4 Nxc4 21. dxc4 f4 22. Be6+ Kh8 23. f3 Bc8 24. Rad1 {Eljanov,P (2666)-Yoo,C (2588) chess.com INT 2025 ½-½ (72)}) 10. Nc3 bxc4 11. Qxc4 d6 12. Qh4 Nbd7 13. d4 cxd4 14. Na4 Qa5 15. Bxd4 Rfc8 16. Rac1 Qh5 17. Qxh5 Nxh5 18. Bxg7 Kxg7 19. Nd4 Bxg2 20. Kxg2 Nhf6 21. Nc6 Kf8 22. Na5 Ke8 23. h3 h5 24. Kf3 Nd5 25. Ke2 Nb4 26. a3 Nd5 27. e4 N5f6 28. f3 Rab8 29. b4 g5 30. Ke3 d5 31. Rfd1 dxe4 32. fxe4 Ne5 33. Rxc8+ Rxc8 34. Nc5 Nfd7 35. Rc1 f6 36. Nab3 Nb6 37. Nd2 Rd8 38. Rc3 Rd6 39. a4 h4 40. gxh4 gxh4 41. a5 Nbd7 42. Nxd7 Kxd7 43. Nb3 Ke8 44. Nc5 Kf7 45. Rc1 Nc6 46. Rc4 Ne5 47. Rd4 Rc6 48. Rd8 Kg6 49. Rg8+ Kf7 50. Ra8 Rd6 51. Rxa6 Nc4+ 52. Ke2 Rd2+ 53. Ke1 Rh2 54. Ra8 Rxh3 55. a6 Ra3 56. Rh8 Ne3 57. Ke2 Ng2 58. b5 Kg7 59. Rxh4 Nxh4 60. b6 Ng6 61. b7 Nf4+ 62. Kd1 Rc3 63. b8=Q Rxc5 64. Qxf4 Ra5 65. Qg4+ Kf7 66. Qc8 Ra4 67. Qb7 Ra5 68. a7 1-0

[Event "Titled Tue 20th Jun Early"]
[Site "chess.com INT"]
[Date "2023.06.20"]
[Round "10"]
[White "Nakamura, Hi"]
[Black "Aravindh, Chithambaram VR."]
[Result "1-0"]
[WhiteElo "2775"]
[BlackElo "2627"]
[PlyCount "79"]
[EventDate "2023.06.20"]

1. Nf3 Nf6 2. b3 g6 3. Bb2 Bg7 4. d4 O-O 5. e3 c5 6. dxc5 Qa5+ 7. c3 Qxc5 8. Ba3 Qc7 9. Bxe7 Re8 10. Bxf6 Bxf6 11. Nd4 Nc6 12. Be2 Bxd4 $146 ({RR} 12... d5 13. O-O Bd7 14. Nd2 Rad8 15. N2f3 Ne7 16. Rc1 Nc8 17. Bb5 Nd6 18. Bxd7 Rxd7 19. Qd3 Qa5 20. a4 Rc8 21. Rc2 Rdc7 22. Rfc1 a6 23. g3 Qb6 24. Kg2 Ne4 25. b4 Rc4 26. Ne2 Qc6 27. b5 {Deac,B (2625)-Bocharov,D (2528) Chess.com INT 2020 ½-½ (95)}) 13. exd4 d5 14. O-O Bf5 15. Bf3 Ne7 16. Qd2 Rac8 17. Rc1 Be4 18. Bxe4 dxe4 19. Na3 Nd5 20. c4 e3 21. fxe3 Nxe3 22. Re1 Ng4 23. g3 a6 24. c5 b5 25. Nc2 Qd7 26. Qf4 f5 27. Nb4 a5 28. Nd3 Nf6 29. Ne5 Qd5 30. Rad1 Rcd8 31. Qf1 Ne4 32. Qxb5 Nc3 33. Qc4 Nxd1 34. Rxd1 Kg7 35. Rc1 Qe4 36. Qf7+ Kh6 37. Qf6 Qe3+ 38. Kg2 Rxe5 39. dxe5 Rd2+ 40. Kh3 1-0

[Event "Titled Tue 20th Jun Early"]
[Site "chess.com INT"]
[Date "2023.06.20"]
[Round "10"]
[White "Grischuk, A."]
[Black "Hakobyan, Aram"]
[Result "1-0"]
[WhiteElo "2736"]
[BlackElo "2613"]
[PlyCount "149"]
[EventDate "2023.06.20"]

1. Nf3 Nf6 2. g3 g6 3. c4 Bg7 4. Nc3 O-O 5. Bg2 d6 6. d4 Bf5 ({RR} 6... a5) 7. Nh4 Bc8 8. O-O a5 9. Nf3 Bf5 10. Nh4 Bc8 11. h3 Nc6 12. Nf3 Bd7 $146 ({RR} 12... Bf5 13. Nh4 Bd7 14. Nf3 Re8 15. b3 Qc8 16. Kh2 e5 17. dxe5 dxe5 18. Bb2 e4 19. Ne1 h5 20. Nc2 Ne5 21. Ne3 c6 22. Qd2 h4 23. Rad1 Bh6 24. Na4 hxg3+ 25. Kg1 Qc7 26. fxg3 Nh5 27. Kh2 {Bok,B (2607)-Hakobyan,A (2620) Saint Louis USA 2023 0-1 (52)}) 13. d5 Nb4 14. e4 e5 15. Be3 Na6 16. Ne1 Nc5 17. Nd3 b6 18. b3 Nh5 19. Nxc5 bxc5 20. a4 Qe8 21. Nb5 Rc8 22. Bd2 f5 23. Bxa5 f4 24. Kh2 Qe7 25. Qd3 Qf6 26. Nxc7 Qd8 27. b4 Rxc7 28. bxc5 Bc8 29. cxd6 Qxd6 30. Bxc7 Qxc7 31. d6 Qc5 32. d7 Bxd7 33. Qxd7 f3 34. Bh1 Qxc4 35. Qd5+ Qxd5 36. exd5 e4 37. Rad1 Bc3 38. d6 Rd8 39. Bxf3 exf3 40. Rd3 Be5 41. Rfd1 Nf6 42. Rxf3 Kf7 43. Re3 Bxd6 44. Red3 Ne8 45. Kg2 Ke7 46. a5 Ra8 47. Re3+ Kd7 48. Ra1 Nc7 49. Rf3 Ke7 50. Re1+ Kd8 51. Rf7 Rxa5 52. Rxh7 Ra2 53. Kf1 Bc5 54. Re2 Ra1+ 55. Kg2 Ra6 56. h4 Rf6 57. f4 Nd5 58. Kf3 Ra6 59. Rd2 Rd6 60. h5 gxh5 61. Rxh5 Nf6 62. Rxd6+ Bxd6 63. Rb5 Ke7 64. g4 Nd7 65. g5 Nc5 66. Kg4 Nd3 67. f5 Ne5+ 68. Kh5 Nd7 69. Rb7 Be5 70. Kg6 Kd6 71. f6 Ke6 72. Ra7 Nf8+ 73. Kg7 Nd7 74. Rxd7 Kxd7 75. Kf7 1-0

[Event "Titled Tue 20th Jun Early"]
[Site "chess.com INT"]
[Date "2023.06.20"]
[Round "11"]
[White "Narayanan, SL."]
[Black "Bacrot, E."]
[Result "1-0"]
[WhiteElo "2657"]
[BlackElo "2672"]
[PlyCount "107"]
[EventDate "2023.06.20"]

1. Nf3 c5 2. g3 Nc6 3. Bg2 e5 4. O-O d5 5. d3 Nge7 6. e4 ({RR} 6. c4 f6 7. Nc3 Be6 8. Qa4 Qd7 9. e4 dxc4 10. dxc4 Nd4 11. Qxd7+ Kxd7 12. Nd5 b5 13. cxb5 Nxb5 14. Be3 Nd4 15. Rfd1 Bxd5 16. exd5 Nef5 17. d6 Rb8 18. Bh3 Nxf3+ 19. Kg2 N3d4 20. Bxd4 cxd4 {Andreikin,D (2729)-Riehle,M (2380) chess.com INT 2024 0-1 (65)}) 6... d4 7. a4 h6 $146 ({RR} 7... Ng6 8. Na3 Be7 9. Nc4 h5 10. h4 Bg4 11. Qd2 Qd7 12. Ra3 O-O-O 13. Ng5 Bxg5 14. Qxg5 f6 15. Qd2 Bh3 16. Qd1 Bxg2 17. Kxg2 Rdf8 18. Qf3 Kc7 19. Bd2 Qg4 20. Qxg4 hxg4 21. c3 Rf7 22. cxd4 {Nidl,P (2219)-Kotrba,T (2162) Czech Republic 2005 1-0 (36)}) ({RR} 7... Ng6 8. Na3 Be7 9. Nc4 h5 10. h4 Bg4 11. Qe1 Qd7 12. Bd2 Bh3 13. a5 Bxg2 14. Kxg2 Qg4 15. Rh1 Nf4+ 16. Bxf4 exf4 17. Nfe5 Nxe5 18. Nxe5 Qe6 19. Nc4 O-O-O 20. Qd2 fxg3 21. fxg3 g5 22. hxg5 {Baloglu,D (1944)-Aravindakshan,S (2046) chess.com INT 2025 1-0 (33)}) 8. Na3 g5 9. Nc4 Bg7 10. Kh1 Be6 11. Nfd2 Qd7 12. a5 Ng6 13. Nb3 Qe7 14. Bf3 O-O 15. Bg4 f5 16. exf5 Bxf5 17. Bxf5 Rxf5 18. Qe2 Raf8 19. Bd2 Nb8 20. Rae1 Kh7 21. f3 R5f7 22. Kg2 Nd7 23. Bc1 b5 24. axb6 axb6 25. Ncd2 Nf6 26. Ne4 Nd5 27. c4 dxc3 28. bxc3 Qd7 29. c4 Nb4 30. Rd1 Nc6 31. Be3 Rd8 32. Rd2 Nge7 33. Rb1 Kg8 34. Na1 Nf5 35. Nc2 Qc7 36. Bf2 Rdf8 37. Rdd1 Nd6 38. Ne1 g4 39. Nxd6 gxf3+ 40. Nxf3 Rxf3 41. Ne4 Qf7 42. Rf1 Nd4 43. Bxd4 Rxf1 44. Rxf1 Qxf1+ 45. Qxf1 Rxf1 46. Kxf1 exd4 47. Ke2 Kf7 48. Kf3 Ke6 49. h4 Ke5 50. g4 Bf8 51. g5 hxg5 52. Nxg5 Be7 53. Kg4 Bd8 54. Nf7+ 1-0